Parliamentary government in India / (Record no. 65679)

MARC details
000 -LEADER
fixed length control field 00584nam a22001577a 4500
005 - DATE AND TIME OF LATEST TRANSACTION
control field 20120426124637.0
020 ## - INTERNATIONAL STANDARD BOOK NUMBER
International Standard Book Number 8176461024
Terms of availability 500.00
035 ## - SYSTEM CONTROL NUMBER
System control number A-996367
037 ## - SOURCE OF ACQUISITION
Stock number DPL
Source of stock number/acquisition ENG
100 ## - MAIN ENTRY--PERSONAL NAME
Personal name Pandya, B.P.
245 ## - TITLE STATEMENT
Title Parliamentary government in India /
Statement of responsibility, etc by B.P. Pandya
260 ## - PUBLICATION, DISTRIBUTION, ETC. (IMPRINT)
Place of publication, distribution, etc Delhi
Name of publisher, distributor, etc B.R. Publishing Corporation
300 ## - PHYSICAL DESCRIPTION
Extent xii, 221p.
Dimensions 20 cms.
942 ## - ADDED ENTRY ELEMENTS (KOHA)
Source of classification or shelving scheme Dewey Decimal Classification
Item type English Books
Classification part 321.80430954
Call number suffix PAN
Holdings
Withdrawn status Lost status Not for loan Collection code Home library Current library Date acquired Cost, normal purchase price Full call number Barcode Cost, replacement price Koha item type Source of acquisition
      Non-fiction Sarojini Nagar Sarojini Nagar 26/04/2012 500.00 321.80430954 PAN A-996367 500.00 English Books  
      Non-fiction Shahdara Branch Shahdara Branch 06/08/2018 500.00 321.80430954 PAN A-996369 500.00 English Books BPPD/PUB

© Delhi Public Library
Hit Counter
free hit counter